LEADER 00715nam2 22002171i 450 001 990002305590403321 035 $a000230559 035 $aFED01000230559 035 $a(Aleph)000230559FED01 035 $a000230559 100 $a20030801d--------km-y0itay50------ba 200 1 $a<>evidence for drug abuse in the UnitedKingdom and the United States of America.Oxford, 1968, p. 375-379. 463 0$1001000221592 701 1$aThomas,$bB. J.$0364576 801 0$aIT$bUNINA$gRICA$2UNIMARC 901 $aBK 912 $a990002305590403321 959 $aFFABC 996 $aEvidence for drug abuse in the UnitedKingdom and the United States of America.Oxford, 1968, p. 375-379$9387958 997 $aUNINA DB $aING01 LEADER 01333nam0 22002771i 450 001 UON00294956 005 20231205103938.82 100 $a20070515d1837 |0itac50 ba 101 $ager 102 $aDE 105 $a|||| 1|||| 200 1 $aAlthochdeutsche, dem Anfange des 11ten Jahrhunderts angehörige, Übersetzung und Erläterung der vom Boethius verfaßten 5 Bücher De consolatione philosophiae$fzum ersten Male herausgegeben von E.G. Graff 210 $aBerlin$cNicolai$d1837 215 $a292 p.$d22 cm. 620 $aDE$dBerlin$3UONL003157 676 $a870$cLetteratura latina$v21 700 1$aBOETHIUS$bAnicius Manlius Torquatus Severinus$3UONV062994$0182801 702 1$aGRAFF$bE.G.$3UONV169770 712 $aNicolais$3UONV273359$4650 790 0$aBOEZIO$zBOETHIUS, Anicius Manlius Torquatus Severinus$3UONV062174 801 $aIT$bSOL$c20240220$gRICA 899 $aSIBA - SISTEMA BIBLIOTECARIO DI ATENEO$2UONSI 912 $aUON00294956 950 $aSIBA - SISTEMA BIBLIOTECARIO DI ATENEO$dSI Fil.G VI 268 $eSI FG 113 5 268 996 $aAlthochdeutsche, dem Anfange des 11ten Jahrhunderts angehörige, Übersetzung und Erläterung der vom Boethius verfaßten 5 Bücher De consolatione philosophiae$91250286 997 $aUNIOR